Моделирование и исследование процесса плазменной конверсии отвального гексафторида урана; Перспективы развития фундаментальных наук; Т. 1 : Физика
| Parent link: | Перспективы развития фундаментальных наук=Prospects of Fundamental Sciences Development: сборник научных трудов XIV Международной конференции студентов, аспирантов и молодых ученых, г. Томск, 25-28 апреля 2017 г./ Национальный исследовательский Томский политехнический университет (ТПУ) ; под ред. И. А. Курзиной, Г. А. Вороновой.— , 2017 Т. 1 : Физика.— 2017.— [С. 126-128] |
|---|---|
| Autor principal: | |
| Autor Corporativo: | |
| Outros Autores: | , , |
| Resumo: | Заглавие с экрана This article shows results of thermodynamic modeling of treatment on uranium compositions in watersteam plasma for uranium nitrous-oxide production. Compositions are based on uranium hexafluoride, water vapor. Process was carried out for widely temperature and mass fraction ranges of water-steam plasma coolant at some UF6:H2О molar ratios. Optimal consists of uranium compositions and modes for practical application were determined. |
| Idioma: | russo |
| Publicado em: |
2017
|
| Assuntos: | |
| Acesso em linha: | http://earchive.tpu.ru/handle/11683/41433 |
| Formato: | Recurso Electrónico Capítulo de Livro |
| KOHA link: | https://koha.lib.tpu.ru/cgi-bin/koha/opac-detail.pl?biblionumber=622663 |
MARC
| LEADER | 00000naa2a2200000 4500 | ||
|---|---|---|---|
| 001 | 622663 | ||
| 005 | 20250513153342.0 | ||
| 035 | |a (RuTPU)RU\TPU\conf\21458 | ||
| 035 | |a RU\TPU\conf\21457 | ||
| 090 | |a 622663 | ||
| 100 | |a 20170630d2017 k y0rusy50 ca | ||
| 101 | 0 | |a rus | |
| 102 | |a RU | ||
| 105 | |a y z 100zy | ||
| 135 | |a drcn ---uucaa | ||
| 181 | 0 | |a i | |
| 182 | 0 | |a b | |
| 200 | 1 | |a Моделирование и исследование процесса плазменной конверсии отвального гексафторида урана |d Modeling and research of process of dump uranium hexafluoride plasma conversion |f Н. В. Тундешев, Р. У. Кулиев, В. В. Зубов |g науч. рук. А. Г. Каренгин | |
| 203 | |a Текст |c электронный | ||
| 300 | |a Заглавие с экрана | ||
| 320 | |a [Библиогр.: с. 128 (3 назв.)] | ||
| 330 | |a This article shows results of thermodynamic modeling of treatment on uranium compositions in watersteam plasma for uranium nitrous-oxide production. Compositions are based on uranium hexafluoride, water vapor. Process was carried out for widely temperature and mass fraction ranges of water-steam plasma coolant at some UF6:H2О molar ratios. Optimal consists of uranium compositions and modes for practical application were determined. | ||
| 461 | 1 | |0 (RuTPU)RU\TPU\conf\21388 |t Перспективы развития фундаментальных наук |l Prospects of Fundamental Sciences Development |o сборник научных трудов XIV Международной конференции студентов, аспирантов и молодых ученых, г. Томск, 25-28 апреля 2017 г. |o в 7 т. |f Национальный исследовательский Томский политехнический университет (ТПУ) ; под ред. И. А. Курзиной, Г. А. Вороновой |d 2017 | |
| 463 | 1 | |0 (RuTPU)RU\TPU\conf\21389 |t Т. 1 : Физика |v [С. 126-128] |d 2017 | |
| 510 | 1 | |a Modeling and research of process of dump uranium hexafluoride plasma conversion |z eng | |
| 610 | 1 | |a труды учёных ТПУ | |
| 610 | 1 | |a электронный ресурс | |
| 610 | 1 | |a изотопы | |
| 610 | 1 | |a гексафторид урана | |
| 610 | 1 | |a гидролиз | |
| 610 | 1 | |a плазмохимические технологии | |
| 610 | 1 | |a пирогидролиз | |
| 700 | 1 | |a Тундешев |b Н. В. |c физик |c техник-проектировщик Томского политехнического университета |f 1993- |g Николай Владиславович |3 (RuTPU)RU\TPU\pers\33089 | |
| 701 | 1 | |a Кулиев |b Р. У. | |
| 701 | 1 | |a Зубов |b В. В. | |
| 702 | 1 | |a Каренгин |b А. Г. |c физик |c доцент Томского политехнического университета, кандидат физико-математических наук |f 1950- |g Александр Григорьевич |4 727 | |
| 712 | 0 | 2 | |a Национальный исследовательский Томский политехнический университет |c (2009- ) |9 26305 |
| 801 | 2 | |a RU |b 63413507 |c 20170718 |g RCR | |
| 850 | |a 63413507 | ||
| 856 | 4 | |u http://earchive.tpu.ru/handle/11683/41433 | |
| 942 | |c BK | ||